000 00504nam a2200157 a 4500
001 000043171
005 20201002040707.0
008 140221s1977 sp a 000 0 spa d
020 _a8422960141
040 _aDO-SdBNP
_bspa
_cBNPHU
082 _axxx
_bxxx
100 1 _aSánchez Rodríguez, Eleuterio,
_d1942-
_970757
245 1 0 _aCamina o revienta :
_bmemorias de "El Lute" /
_cEleuterio Sánchez Rodríguez.
260 _aMadrid :
_bCuadernos para el Diálogo,
_c1977.
300 _a525 p. :
_bil. ;
_c20 cm.
999 _c42660
_d42660